01565 2200577 4500001002100000005001500021035002000036001002100056005001500077007000300092008004100095040002200136100002900158245004600187300005200233504002900285020001800314035002000332082001600352084001800368090002100386264003400407336002100441337003000462338002300492650001600515850001200531999002100543990001600564990002100580990001600601990002100617990002100638990001600659990002100675990002100696990002100717990001600738990002000754990002100774990002100795990001600816990002000832990002100852990002000873990001600893990001700909990002000926990002100946990002000967INLIS00000000086495220210924084626 a0010-0921000702INLIS00000000086495220210924083752ta210812s1982 yoia g ind d aYOPDYOGbinderda0 aMuhammad Rasyafepenulis10aBeternak itik /cpenulis, Muhammad Rasyaf a93 halaman :bilustrasi, gambar, tabel ;c21 cm aBibliografi : halaman 93 a979-413-286-1 a0010-092100070204223a636.597 a636.597 MUH b aCB-D.11 1982-23031aYogyakarta :bKanisius,c1982 2rdacontentateks 2rdamediaatanpa perantara 2rdacarrieravolume 4aTernak itik aYOPDYOG aCB-D.11/1982-230 a3452-P/2000 aCB-D.11/1982-231 a3452-P/2000 aCB-D.11/1982-232 aCB-D.11/1982-231 a3452-P/2000 aCB-D.11/1982-230 aCB-D.11/1982-231 aCB-D.11/1982-232 a3452-P/2000 a68346-PD/A.2021 aCB-D.11/1982-231 aCB-D.11/1982-230 a3452-P/2000 a68347-PD/A.2021 aCB-D.11/1982-230 a68346-PD/A.2021 a3452-P/2000 a3452-PN/2000 a68347-PD/A.2021 aCB-D.11/1982-230 a68346-PD/A.2021